The Kenai River : a river at risk /

Bibliographic Details
Corporate Authors: Kenai River King Salmon Fund, U.S. Fish and Wildlife Service
Format: Government Document Book
Language:English
Published: [Washington, D.C.?] : [U.S. Fish and Wildlife Service], [1995?]
Subjects:

MARC

Tag First Indicator Second Indicator Subfields
LEADER 00000cam a2200000 a 4500
001 in00001240621
005 20151003061513.0
008 950323s1995 dcua f000 0 eng d
010 |a gp 95068516  
035 |a (OCoLC)32188227 
035 |9 AGS4787AM 
040 |a GPO  |c GPO  |d DLC  |d UtOrBLW 
043 |a n-us-ak 
074 |a 0612 (MF) 
086 0 |a I 49.2:K 33/2 
245 0 4 |a The Kenai River :  |b a river at risk /  |c Kenai River King Salmon Fund. 
246 3 0 |a River at risk 
264 1 |a [Washington, D.C.?] :  |b [U.S. Fish and Wildlife Service],  |c [1995?] 
300 |a 1 sheet :  |b color illustrations ;  |c 69 x 91 cm. folded to 23 x 11 cm. 
336 |a text  |b txt  |2 rdacontent 
337 |a unmediated  |b n  |2 rdamedia 
338 |a sheet  |b nb  |2 rdacarrier 
500 |a Shipping list number: 95-0017-P. 
651 0 |a Kenai River Region  |x Environmental conditions. 
650 0 |a Salmon fishing  |z Alaska  |z Kenai River Region. 
650 0 |a Fish habitat improvement  |z Alaska  |z Kenai River Region. 
650 0 |a Soil-binding plants  |z Alaska  |z Kenai River Region. 
710 2 |a Kenai River King Salmon Fund. 
710 2 |a U.S. Fish and Wildlife Service. 
999 |a MARS 
999 f f |s a466dd29-de5a-3b83-b997-0c330b889672  |i 00489f2f-a07b-3281-85ad-5d0a27421ae2  |t 0 
952 f f |p normal  |a Texas A&M University  |b College Station  |c Sterling C. Evans Library  |d Evans: US Documents (Annex 5th floor)  |t 0  |e I 49.2:K 33/2  |h Superintendent of Documents classification  |i unmediated -- sheet  |m A14820240465 
998 f f |a I 49.2:K 33/2  |t 0  |l Evans: US Documents (Annex 5th floor)